01647nam a22003257a 4500003000400000005001700004008004100021020002000062040002200082082001800104100004300122245004400165260004200209300001900251490002500270505014300295505011200438505024700550505001500797650005500812650005000867650004400917650005100961650004601012650004501058650004401103942002901147999001501176952013001191OSt20230719123207.0221006b |||||||| |||| 00| 0 eng d a9 771645 866009 cBiblioteca Lado V a709.05bB428w 9901aBeleza Moreira, Alexandraeeditor aW Art/bACCIDENT | ACIDENTE | ACCIDENT/ c2004bMimesisaBarrio do CerdoaPorto c21x28cma194p. a003v2004x1645 8664 aEDITORIALgTal vez la proxima vez El Acabose Accidents Happen? Os Pixels nunca secam Media Art Artist Crash-Time Paul Virilio Totó aEntrevistagTirara a arte para fora do tempo da arte. Entrevista a William Kentridge Exposiciones Libros aWWW.W-ARTMAGAZINE.COMgPoder de los museos o museos para el poder? Espacios de exhibición creativa en España y Portugal El fin del fin de la pintura Se equivocó el gorrión Steve McQueen: Más allá del documental Annika Larsson aPROYECTO W 2Tesauro de Arte & ArquitecturaaARTE CONTEMPORANEO 2Tesauro de Arte & ArquitecturaaANALISIS9702 2Tesauro de Arte & ArquitecturaaCRITICA 2Tesauro de Arte & ArquitecturaaACCIDENTE9702 2Tesauro de Arte & ArquitecturaaESPAÑOL 2Tesauro de Arte & ArquitecturaaPORTUGAL 2Tesauro de Arte & ArquitecturaaINGLES  2ddcc1h709.05iB428wn0 c4054d4054 00102ddc3200440708RevistasaLVbLVd2023-07-19h002i003793l0o709.05 B428wp003793r2023-07-19 00:00:00w2023-07-19y1